00533nam a2200157 a 450000100100000000500170001000800410002702000180006804000250008608200110011111000450012224500480016726000590021530000200027450000810029400004871720240307073942.0190410s2016 dr 000 0 spa d a9789945472714 aDO-SdBNPbspacBNPHU axxbxx2 aInstituto Tecnológico de Santo Domingo10aReglamento interno de la Junta de Regentes. aSanto Domingo, República Dominicana :bINTEC,c2016. a27 p. ;c21 cm. aAprobado por la Junta de Regentes 28 de abril de 2016: resolución JR/15/16